000 00656nam a22002177a 4500
003 UA-OsUOA
001 44511
007 ta
008 20070227b un ||||| |||| 00| 0 ukr d
100 _aКаганець О.
090 _a902
_bК-11
942 _cSA
040 _aUA-OsUOA
_bukr
_cUA-OsUOA
_dUA-OsUOA
245 _aІсторія однієї дивовижної знахідки, або Індоєвропейські основи цивілізації давнього Киаю
300 _aС.7
955 _a0
041 _aukr
080 _a902
773 0 _w44509
650 7 _a9 Географія. Біографії. Історія
_2UDC
999 _c330627
_d330627